Ensayos sobre la Constitución política de 1993 (Registro nro. 21924)
[ vista simple ]
| 000 -Cabecera | |
|---|---|
| Campo de control interno | 00930nam a2200265Ia 4500 |
| 005 - Fecha y hora del registro | |
| control field | 20260320113325.0 |
| 008 - Elementos de Longitud Fija | |
| fixed length control field | 260320s9999||||xx |||||||||||||| ||und|| |
| 041 ## - Idioma | |
| Codigo Idioma | ESP |
| 082 ## - DEWEY y NOTACIÓN INTERNA | |
| Dewey | 343.2C13 |
| Notación Interna | U61 |
| 100 ## - AUTOR | |
| Autor denominación | |
| Término de relación | |
| 110 ## - AUTOR INSTTITUCIONAL | |
| Autor Institucional | Universidad Católica de Santa María. Facultad de Ciencias Jurídicas y Políticas |
| 245 #0 - TÍTULO DE MATERIAL BIBLIOGRÁFICO | |
| Título | Ensayos sobre la Constitución política de 1993 |
| Título paralelo | |
| 246 ## - TÍTULO TRADUCIDO | |
| Título | |
| Título paralelo | |
| Autor | |
| 250 ## - EDICIÓN | |
| Edición | Primera edición |
| 260 ## - CIUDAD, EDITORIAL, AÑO | |
| Ciudad | Arequipa : |
| Nombre de la Editorial | Facultad de Ciencias Jurídicas y Políticas de la Universidad Católica de Santa María, |
| Año | 1996 |
| 300 ## - DESCRIPCIÓN | |
| N° Páginas | 193 páginas : |
| Otros detalles | |
| Dimensiones | 20 cm. |
| Material Adicional | |
| 440 ## - MENCIÓN DE SERIE | |
| Título de la Serie | |
| Número de Serie | |
| Volumen de Serie | |
| 650 ## - TEMAS | |
| Temas | Derecho |
| 653 ## - DESCRIPTORES | |
| Lenguajes no controlado | Derecho constitucional - Perú - Ensayos |
| 654 ## - PROGRAMAS | |
| Programa | |
| 700 ## - OTROS AUTORES | |
| Otros autores | |
| Títulos y otras palabras asociadas con el nombre | |
| 856 ## - URL - UBICACIÓN | |
| URI/URL: Enlace exacto del recurso | <a href="https://0u219lrii-y-https-legal-legis-com-pe.itmsp.museknowledge.com/home/Corporativo">https://0u219lrii-y-https-legal-legis-com-pe.itmsp.museknowledge.com/home/Corporativo</a> |
| Nota pública: Versión digital | <a href="Véase además: Base de datos Multilegis">Véase además: Base de datos Multilegis</a> |
| 942 ## - ELEMENTOS DE KOHA | |
| Tipo de documento | Libro |
| Nombre del creador | Justo Noguera |
| Código de catalogador | Margarita Torres |
| Esquema de clasificación | Dewey Decimal Classification |
| Suppress in OPAC | |
| Codigo completo | Registro | Colección | Copia número | Disponibilidad | Tipo de préstamo | Biblioteca Actual | Procedencia (Biblioteca) | Ubicacón | Fecha Ingreso | Tipo de Adquisición | Observación | Date last seen | Total checkouts | Price effective from | Tipo de Item | Estado del Material | Fuente de Clasificación | Damaged status | Withdrawn status |
|---|---|---|---|---|---|---|---|---|---|---|---|---|---|---|---|---|---|---|---|
| 343.2C13 U61 | 1086322 | Universidad Católica San Pablo | 1 | Disponible | Disponible | Víctor Andrés Belaunde | Víctor Andrés Belaunde | Primer piso | 10/03/2026 | Donación | Libun | 20/03/2026 | 20/03/2026 | Libro | Bueno | Dewey Decimal Classification |




